| 000 | 00611nam a2200169 a 4500 | ||
|---|---|---|---|
| 008 | 120416s1980 ||||||||||||||||| || u | ||
| 050 | _aHF 5657.G7 Hay | ||
| 100 | _aHay, Leon E | ||
| 245 | 1 | 0 | _aAccounting for governmental and nonprofit entities |
| 250 | _a6th ed. | ||
| 260 |
_aHomewood, [Ill.] _bR. D. Irwin _c1980 |
||
| 300 | _axv, 672p. | ||
| 350 | _a0.00 | ||
| 650 | 0 | _aACCOUNTING--HANDBOOKS, MANUALS, ETC | |
| 650 | _aACCOUNTING PRINCIPLES | ||
| 995 |
_D0.00 _FCBU-MAIN LIBRARY (Kitwe) _H1 _I0.00 _M1 _UAVAILABLE _ZAnnex Low-Usage Collection |
||
| 999 |
_c33324 _d33324 |
||